| 000 | 00600nmm a2200181Ia 4500 | ||
|---|---|---|---|
| 008 | 251105s9999||||xx |||||||||||||||||und|| | ||
| 020 | _a9781558857551 | ||
| 041 | _aeng | ||
| 100 | _aKabalen de Bichara, Donna | ||
| 245 | 0 | _aRecovering the U.S. Hispanic Literary Heritage, Vol. IX | |
| 264 |
_a[Washington, Estados Unidos] : _bArte Público Press, _c2014 |
||
| 300 | _a288 páginas | ||
| 650 | _aHistory of the Americas: North America | ||
| 700 | _aKabalen de Bichara, Donna | ||
| 700 | 1 | _a López de Mariscal, Blanca | |
| 856 | _uhttps://public.digitaliapublishing.com/a/38210 | ||
| 942 | _cCF | ||
| 999 |
_c67365 _d67365 |
||